| 000 | 00000nam##2200000za#4500 |
| 001 | 9.589880 |
| 003 | CaOODSP |
| 005 | 20210624195846 |
| 007 | cr ||||||||||| |
| 008 | 150406|1989||||xxc|||||o f|0| 0 fre|d |
| 022 | |a1488-5379 |
| 040 | |aCaOODSP|bfre |
| 041 | |aeng |
| 041 | |afre |
| 043 | |an-cn--- |
| 086 | 1 |aFs97-6/1770-PDF |
| 110 | 1 |aCanada. |bMinistère des pêches et des océans. |
| 245 | 10|aCompte rendu d'un atelier - Études de l'écosystème marin du détroit d'Hudson, 9-10 novembre 1989, Montréal, Québec / |h[ressource électronique]|céditeur J.A. Percy. |
| 260 | |aSainte-Anne-de-Bellevue - Québec : |bPêches et Océans Canada |c1990. |
| 300 | |a192p.|bfigures, tableaux |
| 490 | 1 |aRapport technique canadien des sciences halieutiques et aquatiques|x1488-5379|vN° 1770 |
| 500 | |aSur la p. de t. : Institut Maurice Lamontagne, Ste-Anne-de-Bellevue, Québec. Le n° de catalogue et l'ISSN de l'édition imprimée apparaissent dans cette version électronique. |
| 590 | |a14-05-Supp|b2014-02-26 |
| 791 | |tProceedings of a Workshop - Marine Ecosystem Studies in Hudson Strait, November 9 - 10 November, 1989, Montreal, Quebec / |eeng|w(CaOODSP)9.589879 |
| 830 | #0|aRapport technique canadien des sciences halieutiques et aquatiques,|x1488-5379|vN° 1770|w(CaOODSP)9.500270 |
| 856 | 40|ahttp://publications.gc.ca|qPDF|s8782 Ko|uhttps://publications.gc.ca/collections/collection_2014/mpo-dfo/Fs97-6-1770.pdf|yN° 1770 |